000
00257nam a2200097Ia 4500
005
20251222114401.0
008
251222s1900||||xx |||||||||||||| ||spa||
082
_a
DVD0070/A59/2006
245
0
_a
Las sandalias del pescador:The Shoes of the Fisheman
942
_c
DVD
999
_c
1651
_d
1651